00296pab a2200121 454500008004000000100001700040245004700057260000900104300001300113362001200126650002000138773001600158180718b2006 xxu||||| |||| 00| 0 eng d aKhanna, B.K. aAre we prepared against nuclear disasters? c2006 ap.76-84. aJan-Mar aNuclear weapons aUSI Journal